00928 2200337 4500001002100000005001500021035002000036007000300056040001700059100002300076245006600099250001000165300003400175504002500209020002200234041000800256082001100264084001700275090002700292264003000319336002100349337003000370338002300400650002000423700002700443850001000470008004100480990002300521990002300544990002300567INLIS00000000000947020260420095302 a0010-1222000075ta aSBPUPADbind0 aBudi A:ePengarang1 aPenuntun Praktis Usaha Perikanan /cBudi A:Editor:Tim Ricardo aCet.1 aiii 70 hlm. :bilus. ;c15 cm abibiliografi, hlm 70 a978-979-1437-96-70 aind a639.31 a639.31 BUD p a639.31 BUD p L 19 R 10 aJakarta :bRicardo,c2008 2rdacontentateks 2rdamediaatanpa perantara 2rdacarrieravolume 4aTeknik terampil aTim RicardoePengarang aPUPAD260420 0  a9561/H/KSPD-PDG/09 a9562/H/KAPD-PDG/09 a9563/H/KAPD/PDG/09